Construction and standardization of achievement tests in general science for standards V, VI and VII for children studying through Sindhi as the medium of instruction in greater Bombay (in Hindi) (Record no. 12004)
[ view plain ]
| 000 -LEADER | |
|---|---|
| fixed length control field | 00853nam a2200205Ia 4500 |
| 082 ## - DEWEY DECIMAL CLASSIFICATION NUMBER | |
| Classification number | TH.0043 |
| 100 ## - MAIN ENTRY--AUTHOR NAME | |
| Personal name | Hira Devi |
| 245 #0 - TITLE STATEMENT | |
| Title | Construction and standardization of achievement tests in general science for standards V, VI and VII for children studying through Sindhi as the medium of instruction in greater Bombay (in Hindi) |
| 260 ## - PUBLICATION, DISTRIBUTION, ETC. (IMPRINT) | |
| Year of publication | 1973 |
| Name of publisher | University of Bombay |
| 300 ## - PHYSICAL DESCRIPTION | |
| Number of Pages | 2v. 421p, 166p. + C D - 39 |
| 650 ## - SUBJECT ADDED ENTRY--TOPICAL TERM | |
| Topical Term | EXAMINATIONS - MAHARASHTRA - BOMBAY |
| 650 ## - SUBJECT ADDED ENTRY--TOPICAL TERM | |
| Topical Term | EDUCATION AND STATE - MAHARASHTRA - BOMBAY |
| 650 ## - SUBJECT ADDED ENTRY--TOPICAL TERM | |
| Topical Term | SCIENCE - STUDY AND TEACHING |
| 650 ## - SUBJECT ADDED ENTRY--TOPICAL TERM | |
| Topical Term | HIGH SCHOOLS - MAHARASHTRA - BOMBAY |
| 650 ## - SUBJECT ADDED ENTRY--TOPICAL TERM | |
| Topical Term | SINDHI LANGUAGE AS MEDIUM OF INSTRUCTION |
| 650 ## - SUBJECT ADDED ENTRY--TOPICAL TERM | |
| Topical Term | ACHIEVEMENT TESTS - MAHARASHTRA - BOMBAY |
| 650 ## - SUBJECT ADDED ENTRY--TOPICAL TERM | |
| Topical Term | EDUCATIONAL TESTS AND MEASUREMENTS - MAHARASHTRA - BOMBAY |
| 710 ## - ADDED ENTRY--CORPORATE NAME | |
| Corporate name or jurisdiction name as entry element | Shukla, N.N. |
| 942 ## - ADDED ENTRY ELEMENTS (KOHA) | |
| Koha item type | Thesis |
| Source of classification or shelving scheme | Dewey Decimal Classification |
| Withdrawn status | Lost status | Damaged status | Not for loan | Home library | Current library | Date acquired | Full call number | Accession Number | Price effective from | Koha item type |
|---|---|---|---|---|---|---|---|---|---|---|
| NASSDOC Library | NASSDOC Library | 08/10/2004 | TH.0043 | 5705 | 18/04/2019 | Thesis | ||||
| NASSDOC Library | NASSDOC Library | 08/10/2004 | TH.0043 | 5706 | 18/04/2019 | Thesis |
